000 01823nam a22001577a 4500
999 _c523610
_d523610
008 230914b ||||| |||| 00| 0 eng d
100 _aThomas, Jayan Jose
_943689
245 _aEmployment growth and industrial policy: The challenge for Indian states
260 _aThe Indian Journal of Labour Economic
300 _a66(1), Jan-Mar, 2023: p.113-129
520 _aThe nature of and the future potential for economic growth will vary across Indian States because of their differences in the rates of demographic transitions. The growing population of the young in some of the States in the east and north of the country, notably Bihar and Uttar Pradesh, opens up a huge economic opportunity. It is also a serious policy challenge—to create new opportunities that meet the rising expectations of the job aspirants. At the same time, for States such as Kerala and Tamil Nadu, which have an ageing population, there are limits to future growth based on labour-intensive sectors. Across Indian States, during the period between 2005 and 2018, labour absorption into industry, construction and services lagged way behind the increase in the potential supply of workers into these sectors. The mismatch between labour demand and potential labour supply widened after 2012, leading to an increase in unemployment rates and a large-scale withdrawal of women from the labour market. For reviving employment growth, India requires a mix of social, employment and industrial policies. The States should have greater financial and functional autonomy to implement these policies in a way that suit their specific stages of development. – Reproduced
650 _aIndian States, Demography, Employment, Industrial policy.
_940553
773 _aThe Indian Journal of Labour Economic
906 _aEMPLOYMENT
942 _cAR